Solid and hazardous waste management ; (Record no. 102402)
[ view plain ]
| 000 -LEADER | |
|---|---|
| fixed length control field | 00601nam a22002057a 4500 |
| 003 - CONTROL NUMBER IDENTIFIER | |
| control field | BD-ChCU |
| 005 - DATE AND TIME OF LATEST TRANSACTION | |
| control field | 20230727122419.0 |
| 008 - FIXED-LENGTH DATA ELEMENTS--GENERAL INFORMATION | |
| fixed length control field | 230727b nyu ||||| |||| 00| 0 eng d |
| 020 ## - INTERNATIONAL STANDARD BOOK NUMBER | |
| International Standard Book Number | 978128097342 |
| 040 ## - CATALOGING SOURCE | |
| Transcribing agency | BD-ChCU |
| 082 ## - DEWEY DECIMAL CLASSIFICATION NUMBER | |
| Edition number | 22 |
| Classification number | 628.44 |
| Item number | R215s |
| 100 ## - MAIN ENTRY--PERSONAL NAME | |
| Personal name | Rao,M.N. |
| 9 (RLIN) | 2067 |
| 245 ## - TITLE STATEMENT | |
| Title | Solid and hazardous waste management ; |
| Remainder of title | science and engineering / |
| Statement of responsibility, etc. | M N Rao and Raziz Sultana, |
| 260 ## - PUBLICATION, DISTRIBUTION, ETC. | |
| Place of publication, distribution, etc. | New York : |
| Name of publisher, distributor, etc. | BS Pub. |
| Date of publication, distribution, etc. | c2017 |
| 300 ## - PHYSICAL DESCRIPTION | |
| Extent | 332 P. ; |
| 504 ## - BIBLIOGRAPHY, ETC. NOTE | |
| Bibliography, etc. note | Includes Index. |
| 650 #0 - SUBJECT ADDED ENTRY--TOPICAL TERM | |
| Topical term or geographic name entry element | Waste Management |
| 9 (RLIN) | 2068 |
| 700 ## - ADDED ENTRY--PERSONAL NAME | |
| Personal name | Sultana,Razia |
| Relator term | Jt.Author |
| 9 (RLIN) | 2069 |
| 942 ## - ADDED ENTRY ELEMENTS (KOHA) | |
| Source of classification or shelving scheme | Dewey Decimal Classification |
| Koha item type | Books |
| Suppress in OPAC | No |
| Withdrawn status | Lost status | Source of classification or shelving scheme | Damaged status | Not for loan | Home library | Current library | Date acquired | Source of acquisition | Total Checkouts | Full call number | Barcode | Date last seen | Copy number | Price effective from | Koha item type |
|---|---|---|---|---|---|---|---|---|---|---|---|---|---|---|---|
| Dewey Decimal Classification | Chittagong University Library | Chittagong University Library | 07/27/2023 | purchase | 628.44R215s | 327857 | 07/27/2023 | C-1 | 07/27/2023 | Books | |||||
| Dewey Decimal Classification | Chittagong University Library | Chittagong University Library | 07/27/2023 | purchase | 628.44R215s | 327858 | 07/27/2023 | C-2 | 07/27/2023 | Books |